000 00512nam a2200181Ia 4500
005 20250317123543.0
008 008 250317s9999 xx 000 0 eng d
037 _aTextbook
040 _aFMSL
_beng
_cFMSL
041 _aeng
_2eng
084 _aB288 L3
_qFMSL
100 _aLipson C
_9735621
245 0 _aStatistical design and analysis of engineering experiments
260 _aNY
_bNY, McGraw-Hill
_c1973
300 _a519p
942 _cTB
_hB288 L3
999 _c1251745
_d1251745